New perspectives on unemployment (Record no. 52182)
[ view plain ]
| 000 -LEADER | |
|---|---|
| fixed length control field | 00978nam a2200205 a 4500 |
| 008 - FIXED-LENGTH DATA ELEMENTS--GENERAL INFORMATION | |
| fixed length control field | 120416s1984 ||||||||||||||||| || u |
| 020 ## - INTERNATIONAL STANDARD BOOK NUMBER | |
| International Standard Book Number | 0878559787 |
| 050 ## - LIBRARY OF CONGRESS CALL NUMBER | |
| Classification number | HD 5724 New |
| 100 ## - MAIN ENTRY--PERSONAL NAME | |
| Personal name | Jones, Barbara A. P |
| 245 10 - TITLE STATEMENT | |
| Title | New perspectives on unemployment |
| Statement of responsibility, etc. | edited by Barbara A. P. Jones |
| 260 ## - PUBLICATION, DISTRIBUTION, ETC. | |
| Place of publication, distribution, etc. | New Brunswick |
| Name of publisher, distributor, etc. | Transaction Books |
| Date of publication, distribution, etc. | 1984 |
| 300 ## - PHYSICAL DESCRIPTION | |
| Extent | 105p : ill |
| 350 ## - PRICE (NR) (BK AM CF MU VM SE) [OBSOLETE] | |
| Price | 0.00 |
| 500 ## - GENERAL NOTE | |
| General note | Papers presented at the Vivian Wilson Henderson lectures in labor economics, held Oct. 28-Nov. 18, 1982, by the Southern Center for Studies in Public Policy and the Dept. of Business Administration and Economics of Clark College. -Includes bibliographies. |
| 650 ## - SUBJECT ADDED ENTRY--TOPICAL TERM | |
| Topical term or geographic name entry element | UNEMPLOYMENT--UNITED STATES |
| 650 ## - SUBJECT ADDED ENTRY--TOPICAL TERM | |
| Topical term or geographic name entry element | LABOUR |
| 650 ## - SUBJECT ADDED ENTRY--TOPICAL TERM | |
| Topical term or geographic name entry element | AFRICAN AMERICANS--EMPLOYMENT |
| 700 ## - ADDED ENTRY--PERSONAL NAME | |
| Personal name | Henderson, Vivian Wilson, d. 1976 |
| 995 ## - RECOMMENDATION 995 [LOCAL, UNIMARC FRANCE] | |
| -- | 0.00 |
| -- | CBU-MAIN LIBRARY (Kitwe) |
| -- | 1 |
| -- | 4.95 |
| -- | 1 |
| -- | AVAILABLE |
| -- | Annex Low-Usage Collection |
| Withdrawn status | Lost status | Source of classification or shelving scheme | Damaged status | Not for loan | Home library | Current library | Shelving location | Date acquired | Total Checkouts | Full call number | Barcode | Date last seen | Price effective from | Koha item type |
|---|---|---|---|---|---|---|---|---|---|---|---|---|---|---|
| CBU-MAIN LIBRARY, KITWE. | CBU-MAIN LIBRARY, KITWE. | 11/30/2022 | HD 5724 New | 004489 | 11/30/2022 | 11/30/2022 | MONOGRAPH |